Social sciences in Asia / (Record no. 17531)
[ view plain ]
| 000 -LEADER | |
|---|---|
| fixed length control field | 00975cam a2200289 i 4500 |
| 001 - CONTROL NUMBER | |
| control field | 17531 |
| 003 - CONTROL NUMBER IDENTIFIER | |
| rucl marc code | BD-RjUL |
| 005 - DATE AND TIME OF LATEST TRANSACTION | |
| control field | 20211209000145.0 |
| 008 - FIXED-LENGTH DATA ELEMENTS--GENERAL INFORMATION | |
| fixed length control field | 760803t19761977fr a b i000 0 eng |
| 020 ## - INTERNATIONAL STANDARD BOOK NUMBER | |
| International Standard Book Number | 923101403X (v. 2) |
| 035 ## - SYSTEM CONTROL NUMBER | |
| System control number | (BD-RjUL)17589 |
| 040 ## - CATALOGING SOURCE | |
| Original cataloging agency | DLC |
| Transcribing agency | DLC |
| Modifying agency | DLC |
| -- | BD-RjUL |
| Language of cataloging | eng |
| 041 ## - LANGUAGE CODE | |
| Language code of text/sound track or separate title | eng |
| 082 00 - DEWEY DECIMAL CLASSIFICATION NUMBER | |
| Classification number | 300.95 |
| Author mark and year | SOC 1977 |
| Edition number | 23 |
| 110 1# - MAIN ENTRY--CORPORATE NAME | |
| Corporate name or jurisdiction name as entry element | Unesco |
| 9 (RLIN) | 233007 |
| 245 10 - TITLE STATEMENT | |
| Title | Social sciences in Asia / |
| Statement of responsibility, etc. | Unesco |
| 260 ## - PUBLICATION, DISTRIBUTION, ETC. (IMPRINT) | |
| Place of publication, distribution, etc. | Paris : |
| Name of publisher, distributor, etc. | Unesco ; |
| Date of publication, distribution, etc. | 1976 [c1977] |
| 300 ## - PHYSICAL DESCRIPTION | |
| Pagination | v. : |
| Illustrations | ill. ; |
| Size | 27 cm. |
| 490 1# - SERIES STATEMENT | |
| Series statement | Reports and papers in the social sciences ; |
| Volume/sequential designation | No. 33 |
| 504 ## - BIBLIOGRAPHY, ETC. NOTE | |
| Bibliography, etc | Includes bibliographical references. |
| 505 0# - FORMATTED CONTENTS NOTE | |
| Formatted contents note | Vol. 2, Afghanistan, Indonesia, Japan, Republic of Korea, Nepal -- |
| 650 #0 - SUBJECT ADDED ENTRY--TOPICAL TERM | |
| Topical term or geographic name as entry element | Social sciences |
| Geographic subdivision | Asia |
| General subdivision | History. |
| 9 (RLIN) | 53844 |
| Topical term or geographic name as entry element | Social sciences |
| General subdivision | Research |
| Geographic subdivision | Asia. |
| 9 (RLIN) | 53845 |
| 830 #0 - SERIES ADDED ENTRY--UNIFORM TITLE | |
| Uniform title | Reports and papers in the social sciences ; |
| Volume number/sequential designation | no. 33, |
| 942 ## - ADDED ENTRY ELEMENTS (KOHA) | |
| Source of classification or shelving scheme | Dewey Decimal Classification |
| Koha item type | Documents |
| Lost status | Source of classification or shelving scheme | Damaged status | Not for loan | Collection code | Permanent Location | Current Location | Shelving location | Date acquired | Source of acquisition | Cost, normal purchase price | Total Checkouts | Full call number | Date last seen | Copy number | Koha item type |
|---|---|---|---|---|---|---|---|---|---|---|---|---|---|---|---|
| Dewey Decimal Classification | Not For Loan | Documentation | Central Library, University of Rajshahi | Central Library, University of Rajshahi | Documentation Section | 23/08/1987 | Unesco | 0.00 | DOC 300.95 SOC V-2 1977 | 17/02/2014 | C-1 | Documents |